Quantitave Analysis for Finance (Record no. 49562)

MARC details
000 -LEADER
fixed length control field 00381nam a22001337a 4500
008 - FIXED-LENGTH DATA ELEMENTS--GENERAL INFORMATION
fixed length control field 170321b xxu||||| |||| 00| 0 eng d
020 ## - INTERNATIONAL STANDARD BOOK NUMBER
International Standard Book Number 9781308281452
050 ## - LIBRARY OF CONGRESS CALL NUMBER
Classification number HG 106
Item number .S67 2014
245 ## - TITLE STATEMENT
Title Quantitave Analysis for Finance
Statement of responsibility, etc Nonna Sorokina
260 ## - PUBLICATION, DISTRIBUTION, ETC. (IMPRINT)
Place of publication, distribution, etc USA
Name of publisher, distributor, etc McGrawHill
Date of publication, distribution, etc 2014
300 ## - PHYSICAL DESCRIPTION
Extent iv,424p
Dimensions 29cm
500 ## - GENERAL NOTE
General note publishes for wake forest university
942 ## - ADDED ENTRY ELEMENTS (KOHA)
Source of classification or shelving scheme Library of Congress Classification
Item type Book
Holdings
Withdrawn status Lost status Source of classification or shelving scheme Damaged status Not for loan Collection code Home library Current library Shelving location Date acquired Source of acquisition Cost, normal purchase price Full call number Barcode Copy number Price effective from Koha item type Total Checkouts Date last borrowed
    Library of Congress Classification     Non-fiction Bishop Okullu Memorial Library (Limuru Campus) Bishop Okullu Memorial Library (Limuru Campus) General Circulation 21/03/2017 Donation-BFA 2000.00 HG 106 .S67 2014 052046 3 21/03/2017 Book    
    Library of Congress Classification     Non-fiction Nairobi Campus Nairobi Campus General Circulation 21/03/2017 Donation-BFA 2000.00 HG 106 .S67 2014 052044 1 21/03/2017 Book    
    Library of Congress Classification     Non-fiction Nairobi Campus Nairobi Campus General Circulation 21/03/2017 Donation-BFA 2000.00 HG 106 .S67 2014 052045 2 21/03/2017 Book    
    Library of Congress Classification     Non-fiction Nairobi Campus Nairobi Campus General Circulation 21/03/2017 Donation-BFA 2000.00 HG 106 .S67 2014 052048 5 21/03/2017 Book    
    Library of Congress Classification     Non-fiction Nakuru Campus Nakuru Campus General Circulation 21/03/2017 Donation-BFA 2000.00 HG 106 .S67 2014 052047 4 21/03/2017 Book 1 11/09/2017